Elaboració de documents administratius : manual de consulta / [text: Núria Altés Juan i Xavier Pejó Orellana] manual de consulta / [text:
Descripción Física:
85 p. ; 30 cm
Colección:
Manuals de formació municipal ; 5
Otros Autores:
Pejó Orellana, Xavier
MARC
| LEADER | 00000nam a2200000Ia 4500 | ||
|---|---|---|---|
| 001 | 14627 | ||
| 008 | 160829s2002 xx 000 0 cat d | ||
| 080 | |a M-4-249 | ||
| 100 | |a Altés Juan, Núria |9 23638 | ||
| 245 | |a Elaboració de documents administratius : |b manual de consulta / [text: |b Núria Altés Juan i Xavier Pejó Orellana] | ||
| 260 | |a [Barcelona] : |b Diputació de Barcelona, |c 2002 | ||
| 300 | |a 85 p. ; |c 30 cm | ||
| 490 | |a Manuals de formació municipal ; 5 | ||
| 590 | |a Inclou recull alfabètic de termes i expressions administratives. | ||
| 590 | |a Inclou esquemes de documentació administrativa | ||
| 650 | |a Documents públics |9 27111 | ||
| 650 | |a Formularis administratius |9 27526 | ||
| 650 | |a Català administratiu |9 23641 | ||
| 700 | |a Pejó Orellana, Xavier |9 23642 | ||
| 710 | 1 | |a Barcelona (Catalunya : Província). |b Diputació |9 52408 | |
| 901 | |a Arxiu | ||
| 942 | |n 1 | ||
| 952 | |0 0 |1 0 |4 0 |6 M4249 |7 1 |9 42789 |a Arxiu |b Arxiu |d 2016-12-01 |l 0 |o M-4-249 |p 14627 |r 2016-12-01 00:00:00 |w 2016-12-01 |y ARXIU | ||
| 999 | |c 45295 |d 45295 | ||